Name a song from the rock album: 2 - Statistics

General Stats
  • This quiz has been taken 16 times
  • The average score is 4 of 12
Answer Stats
Picture Answer % Correct
1984/Jump/Panama/Top Jimmy/Drop Dead Legs/Hot For Teacher/I'll Wait/Girl Gone Bad/House of Pain
87%
And The Gods Made Love/Have You Ever Been(To Electric Ladyland)/Crosstown Traffic/Voodoo Chile/Little Miss Strange/Long Hot Summer Night/Come On/Gypsy Eyes/Burning Of The Midnight Lamp/Rainy Day, Dream Away/1983... (A Merman I Should Turn To Be)/Moon, Turn The Tides Gently Gently Away/Still Raining, Still Dreaming/House Burning Down/All Along The Watchtower/Voodoo Child(Slight Return)
53%
Mr Tinkertrain/I Don't Want To Change The World/Mama, I'm Coming Home/Desire/No More Tears/S.I.N./Hellraiser/Time After Time/Zombie Stomp/A.V.H./Road to Nowhere
53%
Baba O'Riley/Bargain/Love Ain't For Keeping/My Wife/The Song Is Over/Getting In Tune/Going Mobile/Behind Blue Eyes/Won't Get Fooled Again
40%
Hair Of The Dog/Miss Misery/Guilty/Changin' Times/Beggars Day/A Rose In The Heather/Whiskey Drinkin' Woman/Please Don't Judas Me/Love Hurts
33%
Do It Again/Dirty Work/Kings/Midnite Cruiser/Only A Fool Would Say That/Reelin In The Years/Fire In The Hole/Brooklyn Palmer ( Owes the Charmer Under Me)/Change of the Guard/Turn That Heartbeat Over Again
27%
Hollywood Nights/Still The Same/Old Time Rock And Roll/Till It Shines/Feel Like A Number/Ain't Got No Money/We've Got Tonite/Brave Strangers/The Famous Final Scene
20%
Motherless Children/Give Me Strength/Willie And The Hand Jive/Get Ready/I Shot The Sheriff/I Can't Hold Out/Please Be With Me/Let It Grow/Steady Rollin Man/Mainline Florida
20%
Take It Easy/Witchy Woman/Chug All Night/Most Of Us Are Sad/Nightingale/Train Leaves Here This Morning/Take The Devil/Earlybird/Peaceful Easy Feeling/Tryin
13%
Twice As Hard/Jealous Again/Sister Luck/Could I've Been So Blind/Seeing Things/Hard To Handle/Thick N' Thin/She Talks To Angels/Stare It Cold/Live Too Fast Blues/Mercy Sweet Moan
13%
The House Is Rockin/Crossfire/Tightrope/Let Me Love You Baby/Leave My Girl Alone/Travis Walk/Wall of Denial/Scratch-N-Sniff/Love Me Darlin/Riviera Paradise
7%
You Got To Lose/Madison Blues/One Bourbon, One Scotch, One Beer/Kind Hearted Woman/Can't Stop Lovin/Ride On Josephine/Homesick Boy/John Hardy/I'll Change My Style/Delaware Slide
7%
No matching quizzes found
Score Distribution
Percent of People with Each Score
Percentile by Number Answered
Your Score History
You have not taken this quiz